English Bounce 2 in Chile: student's book

Salvato in:
Dettagli Bibliografici
Autori principali: Kniveton, Julie (Autore), Alvarado Jantus, Lina (Autore)
Altri autori: Llanas, Angela (autora)
Natura: Libro
Lingua:inglese
Pubblicazione: Santiago Ediciones Cal y Canto 2015
Edizione:1a. ed
Soggetti:
Tags: Aggiungi Tag
Nessun Tag, puoi essere il primo ad aggiungerne!!

MARC

LEADER 00000cam a2200000 a 4500
001 UCD9823
003 CL-VaPUC
008 170709e20150000cl |||||||||||||||||eng|d
020 |a 9789563391695 
082 0 4 |a 372.6521  |b KNI  |2 21 
100 |a Kniveton, Julie  |e author  |9 611860 
700 |a Llanas, Angela  |e autora  |9 611893 
700 0 |a Alvarado Jantus, Lina  |e author  |9 593575 
245 1 0 |a English Bounce 2 in Chile: student's book 
250 |a 1a. ed 
300 |a 111 p 
942 |c BK 
945 |d 20170709 17:01:00  |a dcastane 
260 |a Santiago  |b Ediciones Cal y Canto  |c 2015 
650 0 |a Enseñanza de idiomas  |9 339820 
650 0 |a Enseñanza del inglés  |9 367340 
650 0 |a Libros de texto  |9 270019 
650 0 |a Métodos de enseñanza  |9 270413 
650 0 |a Educación básica   |9 224933 
583 |a last modification  |c 20170824 03:24:30  |k Rodrigo Vera 
999 |c 368842  |d 368840 
952 |0 0  |1 0  |3 erb  |4 0  |6 372_652100000000000_KNI_2015  |7 0  |8 A  |9 484287  |a BIBEDU  |b BIBEDU  |i 5406013  |o 372.6521 KNI 2015  |p 5406013  |r 2019-11-24  |w 2019-11-24  |y BK  |z Catalogado en:20170709  |k EPE